Ticket to rise (Record no. 71597)
[ view plain ]
| 000 -LEADER | |
|---|---|
| fixed length control field | 01196cam a2200217 4500 |
| 001 - CONTROL NUMBER | |
| control field | ABS66186 |
| 008 - FIXED-LENGTH DATA ELEMENTS--GENERAL INFORMATION | |
| fixed length control field | 021120n2002 000 0 eng u |
| 035 ## - SYSTEM CONTROL NUMBER | |
| System control number | (Sirsi) u120514 |
| 100 ## - MAIN ENTRY--PERSONAL NAME | |
| Personal name | Seidl, A |
| 245 ## - TITLE STATEMENT | |
| Title | Ticket to rise |
| 260 ## - PUBLICATION, DISTRIBUTION, ETC. | |
| Date of publication, distribution, etc. | 2002 |
| 490 ## - SERIES STATEMENT | |
| Series statement | Estates Gazette |
| Volume/sequential designation | (0245) 9 November 2002, 48-49(2) |
| 520 ## - SUMMARY, ETC. | |
| Summary, etc. | Examines the development of the Channel Tunnel Rail link (CTRL) with its promise of much faster journey times for commuters and good returns for investors along the route. The CTRL will not open until 2007 but the strategic rail authority has already promised four trains per hour in peak periods with journey times from Ashford, which is one of the towns that stands to benefit from the route, cut to 37 minutes. The biggest scheme to be encouraged by the development is Stratford in East London where there are plans by Chelsfield and Stanhope for a 9m town centre extension. With a map of Kent towns that might benefit by the improved journey times and higher house prices. |
| 590 ## - LOCAL NOTE (RLIN) | |
| Local note | ABS |
| 650 ## - SUBJECT ADDED ENTRY--TOPICAL TERM | |
| Topical term or geographic name entry element | CHANNEL TUNNEL RAIL LINK |
| 650 ## - SUBJECT ADDED ENTRY--TOPICAL TERM | |
| Topical term or geographic name entry element | ASHFORD |
| 650 ## - SUBJECT ADDED ENTRY--TOPICAL TERM | |
| Topical term or geographic name entry element | STRATFORD |
| 650 ## - SUBJECT ADDED ENTRY--TOPICAL TERM | |
| Topical term or geographic name entry element | WATERLOO |
| 690 ## - LOCAL SUBJECT ADDED ENTRY--TOPICAL TERM (OCLC, RLIN) | |
| Topical term or geographic name as entry element | TRANSPORT AND COMMUNICATIONS |
| 942 ## - ADDED ENTRY ELEMENTS (KOHA) | |
| Suppress in OPAC | 0 |
| Withdrawn status | Lost status | Source of classification or shelving scheme | Damaged status | Not for loan | Home library | Current library | Shelving location | Date acquired | Total Checkouts | Full call number | Barcode | Date last seen | Copy number | Price effective from | Koha item type |
|---|---|---|---|---|---|---|---|---|---|---|---|---|---|---|---|
| Dewey Decimal Classification | London | London | Journal article | 20/11/2002 | ABS66186 | 120514-1001 | 06/08/2019 | 1 | 06/08/2019 | Journal article |